| 000 | 00822nam a22002531u 4500 | ||
|---|---|---|---|
| 001 | 04181 | ||
| 003 | HDC | ||
| 007 | cr cn ---aaaaa | ||
| 008 | 210115p2009 my fo d 00 engg | ||
| 040 | _aHDC | ||
| 245 | 0 | _aGuidelines for Control of Cosmetic Products in Malaysia | |
| 260 |
_aMalaysia: _bMinistry of Health, _c2009 |
||
| 300 | _a18 pages | ||
| 336 |
_atext _2rdacontent |
||
| 337 |
_acomputer _2rdamedia |
||
| 338 |
_aonline resource _2rdacarrier |
||
| 650 |
_aCosmetic control _94245 |
||
| 650 |
_aCosmetic Products _zMalaysia _94244 |
||
| 650 |
_aLegal aspects _94246 |
||
| 856 | _zRequest full-text at [email protected] | ||
| 942 | _2lcc | ||
| 942 | _cEIS | ||
| 942 | _kREPT 000152 | ||
| 999 |
_c1506 _d1506 |
||